000 00673nam a2200181Ia 4500
008 100920s9999 xx 000 0 und d
082 _b100948
_a28 व 891,43 न 07
100 _aआसोपा पुरुषोत्तम.
245 _aसंधी समास शब्दकोश.
260 _bआधुनिक प्र्रकाशन बीकानेर.
_c2007
300 _a40
_bसाधी
365 _b40
520 _aबा.वि.हिंदी.
630 _aसंधी समास शब्दकोश.
650 _aबा.वि.हिंदी.
730 _aसंधी समास शब्दकोश.
942 _cBOOK
999 _c741385
_d741382